| 000 | 00589nam a22001817a 4500 | ||
|---|---|---|---|
| 999 |
_c2991 _d2991 |
||
| 003 | AR-CdUCM | ||
| 008 | 190305b ||||| |||| 00| 0 spa d | ||
| 040 |
_aMUNICIPALIDAD PROVINCIAL DEL CUSCO _cBIBLIOTECA MUNICIPAL DEL CUSCO |
||
| 082 |
_a869.634 / _bH44 |
||
| 100 |
_aHerrera de Rodriguez Uribe, Leonor _910204 |
||
| 245 |
_aAlegria : _bun retiro espiritual en el "foyer de Charite" |
||
| 260 |
_bStella, _c1970. |
||
| 300 | _a16.5 cm. | ||
| 500 | _aPáginas sin numeración. Donación Familia Nieto. | ||
| 650 |
_aPoesía - Religiosidad _910205 |
||
| 942 |
_2ddc _cLIBROS |
||
| 945 | _aafb | ||